| 000 | 00841nam a22002177a 4500 | ||
|---|---|---|---|
| 999 |
_c2065 _d2065 |
||
| 003 | AR-CdUCM | ||
| 008 | 190301b ||||| |||| 00| 0 spa d | ||
| 040 |
_aMUNICIPALIDAD PROVINCIAL DEL CUSCO _cBIBLIOTECA MUNICIPAL DEL CUSCO |
||
| 082 |
_21ra. ed. _a808.6 / _bOS83 |
||
| 100 |
_aOsorio Olazábal, Mario _97464 |
||
| 245 |
_aEn el hombre / _cOsorio Olazábal, Mario |
||
| 260 |
_aPerú : _bTecnim S.A. , _c1988. |
||
| 300 |
_a481 páginas : _c23.5 cm. |
||
| 505 | _aPequeño Larousse Ilustrado -- Mitos, leyendas y cuentos de los quechuas -- Nueva Cronica y buen gobierno -- Diccionario Quechua - Castellano, Castellano - Quechua -- | ||
| 650 |
_aSociologia Incaica. _97465 |
||
| 650 |
_aCultura Andina. _96959 |
||
| 650 |
_aIndigenismo. _9208 |
||
| 650 |
_aDiccionarios Quechua. _97466 |
||
| 942 |
_2ddc _cLIBROS |
||
| 945 |
_artm _d2019-03-01 |
||